Celebrating the third decade and beyond : (Record no. 143307)
[ view plain ]
| 000 -LEADER | |
|---|---|
| fixed length control field | 00717nam a22002057a 4500 |
| 005 - DATE AND TIME OF LATEST TRANSACTION | |
| control field | 20170811162638.0 |
| 010 ## - LCCN (DPL NO) | |
| LC control number | ENG-119641 |
| 020 ## - INTERNATIONAL STANDARD BOOK NUMBER | |
| International Standard Book Number | 9789386288004 |
| Terms of availability | 820.00 |
| 035 ## - SYSTEM CONTROL NUMBER | |
| System control number | EN-103173 |
| 037 ## - SOURCE OF ACQUISITION | |
| Source of stock number/acquisition | DBAD/PUB |
| 082 ## - DEWEY DECIMAL CLASSIFICATION NUMBER | |
| Classification number | 337.5904 |
| 245 ## - TITLE STATEMENT | |
| Title | Celebrating the third decade and beyond : |
| Statement of responsibility, etc | edited by Prabir De [and] Suthiphand Chirathiavt |
| Remainder of title | new challenges to ASEAN-India economic partnership / |
| 260 ## - PUBLICATION, DISTRIBUTION, ETC. (IMPRINT) | |
| Place of publication, distribution, etc | New Delhi |
| Name of publisher, distributor, etc | KW Publishers |
| Date of publication, distribution, etc | 2017 |
| 270 ## - ADDRESS | |
| Address | 4676/21, First Floor, Ansari Road, Daryaganj |
| City | New Delhi |
| Postal code | 110002 |
| 300 ## - PHYSICAL DESCRIPTION | |
| Extent | xii,280p.: |
| Dimensions | 23cm(Hb) |
| Other physical details | ill. |
| 500 ## - GENERAL NOTE | |
| General note | Includes index |
| 700 ## - ADDED ENTRY--PERSONAL NAME | |
| Personal name | Prabir De |
| 700 ## - ADDED ENTRY--PERSONAL NAME | |
| Personal name | Chirathiavt,Suthiphand |
| 942 ## - ADDED ENTRY ELEMENTS (KOHA) | |
| Source of classification or shelving scheme | Dewey Decimal Classification |
| Item type | English Books |
| Classification part | 337.59054 |
| Call number suffix | CEL |
| Withdrawn status | Lost status | Not for loan | Collection code | Home library | Current library | Date acquired | Source of acquisition | Cost, normal purchase price | Full call number | Barcode | Copy number | Cost, replacement price | Koha item type |
|---|---|---|---|---|---|---|---|---|---|---|---|---|---|
| Non-fiction | Central Jail Tihar | Central Jail Tihar | 11/08/2017 | DBAD/PUB | 820.00 | 337.59054 CEL | EN-103173 | 1 | 820.00 | English Books |
